LEADER 00940nam a2200253 i 4500 001 000000110256 003 CaOOAMICUS 005 20250718093523.0 008 021126s2002 it u000 u ita u 013 $a82937 020 $a88-10-42048-9 040 $aSeMil$bita 245 10$a1: Agnello-Gufo. 264 1$aBologna :$bEDB,$c2002. 300 $a508 p. ;$c21 cm. 773 0 $tAnimali simbolici.$dBologna : EDB, 2002-2007.$kBiblioteca patristica $g1$w()7997 830 0$aBiblioteca patristica ;$v39.$0(OLS)http://semarc/title/10 850 $aSeMil 852 $aSeMil$W1$xVenegono$y1$m2T III 309$j66161$B66161$CSeMilBibl$Z2$F73162 $81 961 $aSottoscrizione: EDB 996 $6020$a88-10-42048-9$9(OLS)http://semarc/number/91934 996 $6245$a1: Agnello-Gufo$9(OLS)http://semarc/title/160245 996 $6264$aBologna :$bEDB$9(OLS)http://semarc/publisher/29669 LEADER 00561nam a2200157 i 4500 001 000000001007 003 CaOOAMICUS 005 20180830125434.0 008 180830s1916 fr u000 u und u 040 $aSeMil$bita 245 10$aTome 7. 700 1 $aHefele, Karl Joseph .$0(OLS)http://semarc/name/761 773 0 $aHefele, Karl Joseph $tHistoire des conciles.$dParis : Letouzey et Ané, 1907-1952.$w()884 774 0 $t1ère partie.$w()104736 774 0 $t2ème partie.$w()104737 996 $6245$aTome 7$9(OLS)http://semarc/title/1606